Statistics for Name The Sidemen (by their youtube name)

Click here to take the quiz!

General Stats

  • This quiz has been taken 520 times
  • The average score is 7 of 7

Answer Stats

Answer% Correct
KSI
99%
Miniminter
98%
Vikkstar123
95%
Wroetoshaw
94%
Behzinga
93%
TobJizzle
93%
Zerkaa
92%

Score Distribution

Percentile by Number Answered

Percent of People with Each Score

Your Score History

You have not taken this quiz